Normal view
MARC view
- Syed Abul Ala Maududi
Entry Personal Name
001 - CONTROL NUMBER
- control field: 63769
003 - CONTROL NUMBER IDENTIFIER
- control field: NUST
005 - DATE AND TIME OF LATEST TRANSACTION
- control field: 20210628203156.0
008 - FIXED-LENGTH DATA ELEMENTS
- fixed length control field: 210628|| aca||aabn | a|a d
040 ## - CATALOGING SOURCE
- Original cataloging agency: NUST
- Transcribing agency: NUST
100 ## - HEADING--PERSONAL NAME
- Personal name: Syed Abul Ala Maududi
670 ## - SOURCE DATA FOUND
- Source citation: Work cat.: (NUST): Syed Abul Ala Maududi, The meaning of the quran, tafheem-ul-quran, 2002
